[Event "AUTO-MASTER-2511"]
[Site "http://www.queenalice.com/game.php?id=1440985"]
[Date "2016.9.13"]
[Round "1"]
[White "Magno1961"]
[Black "Nguxi59"]
[Result "1/2-1/2"]
[WhiteElo "2362"]
[BlackElo "2255"]

1. d4 d5 2. c4 c6 3. Nf3 Nf6 4. Nc3 e6 5. e3 Nbd7 6. Bd3 dxc4 7. Bxc4 b5 8. Be2
Bb7 9. O-O Be7 10. Qc2 O-O 11. Rd1 Qb6 12. e4 c5 13. e5 Ng4 14. Nxb5 cxd4 15.
Rxd4 Bxf3 16. gxf3 Ngxe5 17. Be3 Rfc8 18. Qb3 Nc5 19. Qc2 a6 20. Nc3 Qb7 21. Rc1
Nxf3+ 22. Bxf3 Qxf3 23. Na4 Nxa4 24. Qxc8+ Rxc8 25. Rxc8+ Bf8 26. Rdd8 h5 27.
Rxf8+ Kh7 28. Rc7 Qd1+ 29. Kg2 Qg4+ 30. Kf1 f5 31. b3 h4 32. Rd8 f4 33. Bxf4
Qxf4 34. Rdd7 Nb6 35. Rxg7+ Kh8 36. Rh7+ Kg8 37. Rhg7+ Kh8 1/2-1/2

[Event "AUTO-MASTER-2511"]
[Site "http://www.queenalice.com/game.php?id=1440986"]
[Date "2016.9.13"]
[Round "1"]
[White "Nguxi59"]
[Black "Magno1961"]
[Result "1-0"]
[WhiteElo "2343"]
[BlackElo "2357"]

1. e4 e5 2. Nf3 Nc6 3. Bc4 Bc5 4. c3 Nf6 5. d4 exd4 6. cxd4 Bb4+ 7. Nc3 Nxe4 8.
O-O Bxc3 9. d5 Ne5 10. bxc3 Nxc4 11. Qd4 O-O 12. Qxc4 Nd6 13. Qg4 f5 14. Qd4 Qf6
15. Qxf6 Rxf6 16. Bg5 Rg6 17. Bf4 Ne4 18. c4 d6 19. Nd4 Nc5 20. Rad1 Bd7 21.
Rfe1 Rf6 22. h4 a6 23. Re3 Rff8 24. f3 Rfe8 25. Rc1 Rxe3 26. Bxe3 Re8 27. Rc3
Na4 28. Rb3 Kf7 29. Kf2 Nc5 30. Rc3 Bc8 31. h5 Na4 32. Rb3 b6 33. Bg5 h6 34. Bf4
Nc5 35. Rc3 Bd7 36. Nb3 Na4 37. Rc2 Kg8 38. Nd4 Bc8 39. Bd2 Nc5 40. Rc3 Kf8 41.
Ne2 Nd7 42. Nf4 Ne5 43. Nd3 1-0

[Event "AUTO-MASTER-2511"]
[Site "http://www.queenalice.com/game.php?id=1440987"]
[Date "2016.9.13"]
[Round "1"]
[White "Magno1961"]
[Black "vivafischer"]
[Result "1-0"]
[WhiteElo "2345"]
[BlackElo "2260"]

1. d4 d5 2. c4 c6 3. Nf3 Nf6 4. Nc3 e6 5. e3 Nbd7 6. Qc2 Bd6 7. Be2 O-O 8. O-O
dxc4 9. Bxc4 a6 10. Be2 e5 11. h3 Qe7 12. a4 Re8 13. a5 e4 14. Nd2 Nf8 15. Nc4
Bc7 16. b3 Ng6 17. Ba3 Qe6 18. f4 exf3 19. Bxf3 Nh4 20. e4 Nxf3+ 21. Rxf3 Nxe4
22. Re1 f5 23. Nxe4 fxe4 24. Rxe4 1-0

[Event "AUTO-MASTER-2511"]
[Site "http://www.queenalice.com/game.php?id=1440988"]
[Date "2016.9.13"]
[Round "1"]
[White "vivafischer"]
[Black "Magno1961"]
[Result "0-1"]
[WhiteElo "2264"]
[BlackElo "2325"]

1. d4 d5 2. c4 e6 3. Nc3 Nf6 4. cxd5 exd5 5. Bg5 c6 6. e3 Bd6 7. Qc2 O-O 8. Bd3
h6 9. Bh4 Re8 10. Nge2 b5 11. O-O-O Na6 12. Qd2 Bf8 13. h3 b4 14. Na4 Qa5 15. b3
Ne4 16. Bxe4 Rxe4 17. Bg3 Bd7 18. Kb2 Ree8 19. Nc1 c5 20. Nxc5 Bxc5 21. dxc5
Nxc5 0-1

[Event "AUTO-ELITE-1735"]
[Site "http://www.queenalice.com/game.php?id=1442037"]
[Date "2016.9.19"]
[Round "1"]
[White "Magno1961"]
[Black "NatanEstivallet"]
[Result "0-1"]
[WhiteElo "2272"]
[BlackElo "2495"]

1. d4 Nf6 2. c4 g6 3. Nf3 Bg7 4. e3 O-O 5. Be2 c5 6. d5 d6 7. Nc3 e6 8. O-O exd5
9. cxd5 Re8 10. Nd2 Na6 11. e4 Nc7 12. a4 a6 13. f3 Rb8 14. a5 Qe7 0-1

[Event "AUTO-ELITE-1735"]
[Site "http://www.queenalice.com/game.php?id=1442038"]
[Date "2016.9.19"]
[Round "1"]
[White "NatanEstivallet"]
[Black "Magno1961"]
[Result "1-0"]
[WhiteElo "2499"]
[BlackElo "2265"]

1. e4 e5 2. Nf3 Nc6 3. Bb5 a6 4. Ba4 Nf6 5. d3 b5 6. Bb3 Bc5 7. O-O d6 8. h3 O-O
9. c3 h6 10. Nbd2 Bb6 11. Re1 Na5 12. Bc2 c5 13. Nf1 Be6 14. Qe2 1-0

[Event "AUTO-ELITE-1735"]
[Site "http://www.queenalice.com/game.php?id=1442039"]
[Date "2016.9.19"]
[Round "1"]
[White "Magno1961"]
[Black "StenioVS"]
[Result "0-1"]
[WhiteElo "2222"]
[BlackElo "2273"]

1. d4 d5 2. c4 e6 3. Nf3 Nf6 4. Nc3 Be7 5. Bf4 O-O 6. e3 c5 7. dxc5 Nc6 8. cxd5
exd5 9. Bb5 Bxc5 10. O-O d4 11. Na4 Qa5 12. Bxc6 bxc6 13. Nxc5 Qxc5 14. Qxd4 Qf5
15. Ne5 Bb7 0-1

[Event "AUTO-ELITE-1735"]
[Site "http://www.queenalice.com/game.php?id=1442040"]
[Date "2016.9.19"]
[Round "1"]
[White "StenioVS"]
[Black "Magno1961"]
[Result "1-0"]
[WhiteElo "2283"]
[BlackElo "2212"]

1. d4 d5 2. c4 e6 3. Nf3 Nf6 4. g3 Be7 5. Bg2 O-O 6. O-O Nc6 7. Qc2 Nb4 8. Qb3
Nc6 9. Nc3 Na5 10. Qc2 Nxc4 11. Bf4 Bd7 12. Rac1 Nh5 13. Ne5 Nxf4 14. gxf4 Nxe5
15. fxe5 c5 16. dxc5 Rc8 17. b4 b6 18. Na4 1-0

[Event "AUTO-ELITE-1742"]
[Site "http://www.queenalice.com/game.php?id=1444636"]
[Date "2016.10.7"]
[Round "1"]
[White "Magno1961"]
[Black "shogun"]
[Result "0-1"]
[WhiteElo "2247"]
[BlackElo "2546"]

1. d4 Nf6 2. c4 e6 3. Nf3 d5 4. Nc3 c6 5. e3 Nbd7 6. Qc2 Bd6 7. Bd3 O-O 8. O-O
dxc4 9. Bxc4 b5 10. Bd3 Bb7 11. e4 e5 12. Nxe5 Nxe5 0-1

[Event "AUTO-ELITE-1742"]
[Site "http://www.queenalice.com/game.php?id=1444637"]
[Date "2016.10.7"]
[Round "1"]
[White "shogun"]
[Black "Magno1961"]
[Result "1-0"]
[WhiteElo "2548"]
[BlackElo "2244"]

1. e4 e6 2. d4 d5 3. Nc3 Nf6 4. Bg5 Be7 5. e5 Nfd7 6. h4 Bxg5 7. hxg5 Qxg5 8.
Nb5 Qd8 9. Qg4 g6 10. Nf3 a6 11. Nc3 1-0

[Event "AUTO-ELITE-1742"]
[Site "http://www.queenalice.com/game.php?id=1444638"]
[Date "2016.10.7"]
[Round "1"]
[White "Magno1961"]
[Black "BEBADO"]
[Result "0-1"]
[WhiteElo "2258"]
[BlackElo "2281"]

1. d4 Nf6 2. c4 g6 3. Nf3 Bg7 4. Nc3 O-O 5. e4 d6 6. h3 e5 7. d5 a5 8. Bd3 Na6
9. O-O Nc5 10. Bc2 Nh5 11. Bg5 f6 0-1

[Event "AUTO-ELITE-1742"]
[Site "http://www.queenalice.com/game.php?id=1444639"]
[Date "2016.10.7"]
[Round "1"]
[White "BEBADO"]
[Black "Magno1961"]
[Result "1-0"]
[WhiteElo "2260"]
[BlackElo "2291"]

1. e4 e6 2. d4 d5 3. Nc3 Bb4 4. e5 c5 5. a3 Bxc3+ 6. bxc3 Ne7 7. Qg4 O-O 8. Bd3
c4 9. Bh6 Ng6 10. Bxg6 fxg6 11. Be3 1-0